logo

Bir Sreshtho Munshi Abdur Rouf Library
Jhenaidah Cadet College

বাংলাদেশ : (Record no. 9032)

MARC details
000 -LEADER
fixed length control field 00806nam a2200229 a 4500
001 - CONTROL NUMBER
JCCL Control Number 9032
003 - CONTROL NUMBER IDENTIFIER
JCCL marc code BD-JhCC
005 - DATE AND TIME OF LATEST TRANSACTION
control field 20180524100623.0
008 - FIXED-LENGTH DATA ELEMENTS--GENERAL INFORMATION
fixed length control field 180307s19891992 |||| ||a| 000 0 be d
020 ## - INTERNATIONAL STANDARD BOOK NUMBER
International Standard Book Number 9840501186
035 ## - SYSTEM CONTROL NUMBER
system control number (BD-JhCC)9032
040 ## - CATALOGING SOURCE
Original cataloging agency BD-JhCC
Modifying agency BD-JhCC
041 ## - LANGUAGE CODE
Language code of Book ben
082 ## - DEWEY DECIMAL CLASSIFICATION NUMBER
Classification number 320
Author mark and Year ISL 1989
100 ## - MAIN ENTRY--PERSONAL NAME
Personal name ইসলাম, রফিকুল.
245 ## - TITLE STATEMENT
Title বাংলাদেশ :
Remainder of title সামরিক শাসন ও গ্ণতন্ত্রের সংকট /
Statement of responsibility, etc মেজর (অব) রফিকুল ইসলাম .
260 ## - PUBLICATION, DISTRIBUTION, ETC. (IMPRINT)
Place of publication, distribution, etc ঢাকা :
Name of publisher, distributor, etc ইউনিভার্সিটি প্রেস লিমিটেড ;
Date of publication, distribution, etc 1989 .
300 ## - PHYSICAL DESCRIPTION
Pagination `178 p. :
Dimensions 20 cm.
650 ## - SUBJECT ADDED ENTRY--TOPICAL TERM
Topical term or geographic name as entry element Politics and government.
Geographic subdivision Bangladesh.
942 ## - ADDED ENTRY ELEMENTS (KOHA)
Source of classification or shelving scheme Library of Congress Classification
Koha item type Books
Holdings
Source of classification or shelving scheme Damaged status Not for loan Home library Current library Shelving location Date of accession Cost, normal purchase price Total Checkouts Full call number Barcode Date last seen Copy number Koha item type
Dewey Decimal Classification     JCC Rouf Library JCC Rouf Library General Stacks 03/07/2018 110.00   320 ISL 1989 11905 03/07/2018 C-1 Books

JCC Library | Contacts | JCC Home

Last Update on 23 September 2017
Copyright @ 2017-2020 JCC Rouf Library
Rouf Library, Jhenidah Cadet College (JCC), Bangladesh